| 000 | 01355njm a2200313Ia 4500 | ||
|---|---|---|---|
| 001 | 27455 | ||
| 003 | IT-RoPAU | ||
| 005 | 20220918181150.0 | ||
| 008 | 131025s9999 xx 000 0 und d | ||
| 040 | _aIT-RoPAU | ||
| 040 | _cIT-RoPAU | ||
| 041 | _aITALIANO | ||
| 999 |
_c102014 _d102014 |
||
| 999 | _bn.d. | ||
| 100 |
_aCapello Lorenzo _918162 |
||
| 100 |
_eAutore musica _918163 |
||
| 100 |
_gCodice autore musica SPICS: 13189 _918164 |
||
| 245 | _aCelebrazione liturgica della liberazione (La) | ||
| 250 | _a1a ed. | ||
| 260 | _aTORINO/LEUMANN | ||
| 260 |
_bELLE DI CI _c1978 [1a Ed.:1978 - Ed. Lingua Orig.: 1978] |
||
| 300 | _aDISCO | ||
| 300 | _c37 minuti (Testo: pag.) | ||
| 500 | _aMusica religiosa, liturgica. Celebrazione eucaristica. Celebrazione della liberazione nel tempo della Chiesa | ||
| 505 | _aLa parola di Dio - Alleluia - Offertorio - Santo - Padre nostro - Agnello di Dio - Costruire la pace - La cena di Cristo - Il mistero della croce - Il giudizio di luce - L'acqua della salvezza - Cristo è risorto - Il soffio dello Spirito - Bambino Gesù - Creati per amare | ||
| 650 |
_aLITURGICO [DISCHI] _eCodice MATERIA SPICS: 9950 _9966 |
||
| 700 |
_aRoncari Angelo _eAutore testo e musica _gCodice autore testo/musica SPICS: 28317 _918165 |
||
| 700 |
_aRossi Giovanni Maria _gCodice interprete SPICS: 11282 _eInterprete _918166 |
||
| 942 |
_cMD _2ddc |
||